000 00665nam a2200205 4500
001 112993
003 ES-MaACL
005 20230906185722.0
007 t|
008 061121s1975 sp r ||||1| spa d
245 0 0 _aNuevos horizontes de la lingüística /
_cintroducción y selección de John Lyons ; versión española de Conxita Lleó [et al.].
260 _aMadrid :
_bAlianza,
_c1975.
300 _a369 p. ;
_c20 cm.
490 1 _aAlianza universidad ;
_v145
700 1 _aLyons, John.
_974959
700 1 _aLleó, Concepción.
_972751
830 0 _aAlianza universidad ;
_v145
_9177276
852 _aES-MaACL
_jL-11459
_bR.113104
999 _c112993
_d112993